| 000 | 00466nam a2200181Ia 4500 | ||
|---|---|---|---|
| 001 | 5158 | ||
| 005 | 20260306145847.0 | ||
| 008 | 260306t2017||||xx |||||||||||||| ||spa|| | ||
| 041 | _aESP | ||
| 082 |
_a336.0985 _bQ73 |
||
| 100 |
_aQuiroz, Alfonso W. _eAUT |
||
| 245 | 0 | _aCrédito, inversión y políticas en el Perú entre los siglos XVII y XX | |
| 260 | _c2017 | ||
| 300 |
_a215 páginas _c20 cm. |
||
| 650 | _aGEN | ||
| 654 | _aCAN | ||
| 942 |
_cLIB _dJUS _fJUS _2ddc _n |
||
| 999 |
_c5158 _d5158 |
||